| 000 | 00458nam a22001337a 4500 | ||
|---|---|---|---|
| 040 | _cNUST | ||
| 082 | _a220 PRO | ||
| 100 |
_aPC RANA AHMAD INTISAR NS UMAR NAEEM KHOKHAR NS BILAL AHMAD _9124332 |
||
| 110 |
_aSUPERVISOR DR. USMAN AKRAM DR. ARSLAN SHAUKAT _9124333 |
||
| 245 | _aPR-SOF-2384-X-RaiseA Data Driven Prompt Engineering Approach Using LLMS | ||
| 260 |
_aISLAMABAD: _bNUST COLLEGE OF EME, _c2024. |
||
| 650 |
_aDE-COMP-42 _9124276 |
||
| 942 |
_2ddc _cPR |
||
| 999 |
_c610218 _d610218 |
||